[Event "79th ARM-ch 2019"]
[Site "Yerevan"]
[Date "2019.01.15"]
[Round "4"]
[White "Harutyunian, Tigran K."]
[Black "Petrosyan, Manuel"]
[Result "1/2-1/2"]
[WhiteElo "2542"]
[BlackElo "2579"]
[Annotator "TA"]
[PlyCount "102"]
[EventDate "2019.01.12"]
[EventType "tourn"]
[EventCountry "ARM"]
[SourceTitle "playchess.com"]
[Source "ChessBase"]
[SourceQuality "1"]

{[%evp 18,102,-15,-20,0,0,24,19,26,22,47,29,37,36,43,34,50,29,41,34,33,39,80,78,66,18,26,0,33,0,0,0,0,0,0,0,5,0,0,0,0,0,0,-36,-37,-41,-40,-40,-40,-43,-41,-41,-39,-41,-39,-39,-38,-46,-38,-43,-33,-41,-28,-28,-22,-22,0,0,0,-4,-4,-4,0,0,0,0,0,-45,0,0,0,0,0,0,0,0,0]} 1. Nf3 d5 2. g3 Bg4 3. Bg2 Nd7 4. O-O e6 5. d3 Bd6 6. h3 {A07: Réti Opening: New York and Capablanca Systems} Bh5 7. e4 c6 8. Qe1 (8. exd5 exd5 9. Qe1+ Ne7 10. Nh4 O-O 11. g4 Re8 12. gxh5 Nc8 13. Qd1 Qxh4 14. Qg4 {0-1 (31) Grischuk,A (2750)-Carlsen,M (2832) chess.com INT 2017}) 8... Ne7 9. b3 O-O 10. Bb2 {LiveBook: 3 Games} dxe4 $146 ({Predecessor:} 10... Qb6 11. Kh1 dxe4 12. Qxe4 {½-½ (91) Petrosian,T (2625)-Sargissian,G (2702) Yerevan 2016}) 11. Qxe4 Bg6 12. Qe2 Nf5 13. Nbd2 h6 14. Nc4 Be7 15. a4 {[%cal Ba2a4,Ba4a5][%mdl 32]} Bf6 16. d4 Qc7 17. a5 Rad8 18. Rfd1 c5 19. c3 b6 20. axb6 axb6 21. Nfe5 Nxe5 22. dxe5 Be7 23. Na3 Rxd1+ 24. Rxd1 Rd8 25. Rxd8+ Qxd8 26. Bf3 Bf8 27. Qd1 Qb8 28. Qe2 Bh7 29. Kg2 g5 30. Qb5 {Black should prevent Nc4.} Qxe5 31. Nc4 $1 {[%cal Rc4e5]} Nd6 32. Nxe5 Nxb5 33. Nd7 Bc2 {...Bg7 is the strong threat.} 34. Be2 Nc7 35. Nxb6 Bxb3 36. Nd7 c4 37. Nxf8 Kxf8 $15 {[%mdl 4096] Endgame KBB-KBN} 38. Ba3+ Kg7 39. Bf3 Ne8 40. Bc6 Nf6 41. Kf3 g4+ 42. hxg4 Bd1+ 43. Ke3 Nxg4+ 44. Kd2 Bb3 45. Bc5 Kg6 46. Bf3 Ne5 47. Ke3 f5 48. Be2 {The position is equal.} h5 49. f4 Ng4+ 50. Bxg4 fxg4 51. Be7 Kf5 {Accuracy: White = 67%, Black = 52%.} 1/2-1/2

[Event "79th ARM-ch 2019"]
[Site "Yerevan"]
[Date "2019.01.16"]
[Round "5"]
[White "Hovhannisyan, Robert"]
[Black "Andriasian, Zaven"]
[Result "1-0"]
[WhiteElo "2637"]
[BlackElo "2604"]
[Annotator "TA"]
[PlyCount "99"]
[EventDate "2019.01.12"]
[EventType "tourn"]
[EventCountry "ARM"]
[SourceTitle "playchess.com"]
[Source "ChessBase"]
[SourceQuality "1"]

{[%evp 20,99,29,28,18,29,40,22,35,46,60,59,83,73,42,48,90,48,34,31,22,42,115,116,133,139,133,134,137,141,124,125,149,149,131,139,141,134,120,133,135,61,62,60,61,50,57,70,63,37,43,31,107,108,133,126,172,172,171,126,363,334,362,350,353,328,370,369,315,335,1809,1800,1627,1618,1261,1274,1613,1501,1480,1174,1875,1424]} 1. e4 c5 2. Nf3 d6 3. d4 cxd4 4. Nxd4 Nf6 5. Nc3 a6 6. Be2 e5 7. Nf3 {[%cal Bd4f3,Bf3d2,Bd2c4][%mdl 32]} h6 8. Nd2 {B92: Sicilian Najdorf: 6 Be2} b5 (8... Be6 9. Nc4 Nc6 10. Ne3 Ne7 11. O-O Rc8 12. Bf3 g6 13. Qd3 Bg7 14. Rd1 Rc6 15. b3 Qc8 {1-0 (48) Vachier Lagrave,M (2789)-Korobov,A (2652) Riadh 2017}) 9. a4 b4 10. Nd5 Nxd5 11. exd5 {LiveBook: 10 Games} a5 12. Bb5+ Nd7 13. Nc4 Be7 14. Qg4 $146 ({Predecessor:} 14. Be3 O-O 15. Bc6 Ba6 16. Bxa8 Bxc4 {1-0 (30) Tsaknakis,Z (2166)-Giannoulakis,L (2310) Chania 2018}) 14... g6 15. Qe2 h5 16. f4 {[%cal Rf4e5]} O-O 17. O-O $36 {[%cal Rf4e5][%mdl 2048] White fights for an advantage.} Qc7 18. Kh1 Bb7 19. f5 Nf6 $1 20. Bh6 Rfc8 (20... Nxd5 $14 21. Bxf8 Bxf8) 21. Rad1 $16 {Black must now prevent fxg6.} Bxd5 {[#]} 22. Rxd5 $1 {[%mdl 512]} Nxd5 23. Qd3 $1 {[%csl LRd5,LRg6]} (23. fxg6 fxg6 24. g4 Kh7 $17) 23... Kh7 {...Nf6 is the strong threat.} 24. Qxd5 Kxh6 25. Qxf7 {[%csl Gf5][%cal Rf7g6]} Rg8 26. fxg6 Rg7 27. Qd5 $1 {[%cal Rd5a8]} Rf8 {[%cal Rf8f1]} 28. Ne3 {Threatens to win with Rxf8.} Rxg6 ({Avoid the trap} 28... Qc5 $2 29. Rxf8 Bxf8 30. Qe4) 29. Rxf8 Bxf8 30. Bd3 (30. Qf3 $16 Kg7 31. Qxh5) 30... Rf6 $14 31. Nf5+ Rxf5 $1 32. Qe6+ {[%mdl 64] Double Attack} Kg7 $1 33. Qxf5 {Strongly threatening Qh7+.} Qf7 34. Qg5+ Kh8 35. Kg1 Bg7 ({Black should try} 35... Be7 $14 36. Qh6+ Kg8) 36. Bg6 $16 Qf4 37. Qxh5+ Kg8 {[#]} 38. g3 $1 {[%cal Rg3f4]} Qd4+ 39. Kg2 d5 $2 (39... Qd2+ $16 40. Kf1 Qd5) 40. Qf5 $18 {Threatening mate with Qf7+.} Qd2+ 41. Kh3 {Intending Qf7+ and mate.} Qh6+ {[#]} 42. Kg4 $1 Kh8 43. Bf7 d4 44. Bd5 {Qf7 would kill now.} Qd6 $2 (44... Bf8 45. h4 (45. Qxe5+ Qg7+ 46. Qxg7+ Kxg7 $18) 45... Be7) 45. Qf7 {[%csl Gd5][%cal Rf7g8] White is clearly winning.} Qf8 46. Qxf8+ Bxf8 47. Be4 Kg7 48. Kh5 b3 49. cxb3 Bb4 50. g4 {Accuracy: White = 85%, Black = 45%.} 1-0

[Event "79th ARM-ch 2019"]
[Site "Yerevan"]
[Date "2019.01.16"]
[Round "5"]
[White "Petrosyan, Manuel"]
[Black "Pashikian, Arman"]
[Result "1/2-1/2"]
[WhiteElo "2579"]
[BlackElo "2599"]
[Annotator "TA"]
[PlyCount "100"]
[EventDate "2019.01.12"]
[EventType "tourn"]
[EventCountry "ARM"]
[SourceTitle "playchess.com"]
[Source "ChessBase"]
[SourceQuality "1"]

{[%evp 19,100,17,19,23,50,36,35,33,40,20,25,0,0,0,2,0,7,0,17,25,31,0,30,23,23,26,29,29,29,42,89,86,83,94,126,131,166,176,145,143,180,32,26,30,26,37,47,-11,20,21,21,25,37,0,0,0,0,0,0,0,0,0,0,0,0,0,0,0,0,0,0,0,0,0,0,-101,0,0,0,0,0,0,0]} 1. e4 e5 2. Nf3 Nc6 3. Bb5 Nf6 4. d3 Bc5 5. c3 O-O 6. O-O {C65: Ruy Lopez: Berlin Defence (3...Nf6), unusual lines and 4 0-0 Bc5} Re8 (6... d5 7. Nbd2 dxe4 8. dxe4 a5 9. Bxc6 bxc6 10. Nxe5 Re8 11. Nb3 Qxd1 12. Rxd1 Bb6 13. Nc4 Nxe4 14. Nxb6 cxb6 {½-½ (43) Sethuraman,S (2673)-Giri,A (2780) Douglas 2018}) 7. Bg5 {[%cal Bc1g5,Bg5h4,Bh4g3][%mdl 32]} h6 8. Bh4 Be7 9. a4 d6 10. Nbd2 a6 {LiveBook: 4 Games} 11. Bc4 g6 12. Bg3 Nh5 13. h3 Bg5 $146 ({Predecessor:} 13... Rf8) 14. a5 Kg7 15. Bh2 Bf4 16. Re1 Bxh2+ 17. Kxh2 Nf4 18. Ng1 Be6 19. g3 Nh5 20. Qb3 Rb8 (20... Bxc4 {is interesting.} 21. Nxc4 Qd7 22. Nf3 Nf6 23. Kg2 d5) 21. Bxe6 Rxe6 22. Ngf3 Nf6 23. d4 Re8 24. Kg2 b5 {[#]} 25. axb6 $1 Rxb6 26. Qa4 d5 {[#]} 27. exd5 $1 e4 28. dxc6 {Black must now prevent Ne5.} Rxb2 29. Qa3 Qb8 30. Kg1 (30. c4 $18) 30... exf3 $14 31. Rxe8 Nxe8 32. Nxf3 Nd6 33. Qa5 ({White should play} 33. Ne5 $14) 33... Rb1+ 34. Rxb1 Qxb1+ 35. Kg2 Qc2 $1 {And now ...Ne4 would win.} 36. Qxc7 Ne4 $1 37. Qe5+ Kh7 38. Nd2 Nxd2 39. Qe3 {Threatens to win with c7.} Nc4 40. Qe8 Qf5 41. c7 Nd6 42. Qc6 Nc8 43. Qxa6 Qe4+ 44. Kh2 Qf5 45. Qe2 Nd6 46. c4 Qd7 47. Qe5 (47. c5 $11 {keeps the balance.} Ne8 48. c6 Qxc6 49. Qe7 Nxc7 50. Qxf7+ Kh8 51. Qf8+ {[%mdl 64] Double Attack} Kh7 52. Qf7+ Kh8 53. Qf8+ {[%mdl 64] Double Attack} Kh7 54. Qf7+) 47... Nxc4 (47... Qxc7 $17 48. c5 Nb5) 48. Qc5 $11 {The position is equal.} Nd6 49. Qxd6 $1 {[%mdl 64] Remove Defender} Qxd6 50. c8=Q Qxd4 {Accuracy: White = 56%, Black = 59%.} 1/2-1/2

[Event "79th ARM-ch 2019"]
[Site "Yerevan"]
[Date "2019.01.16"]
[Round "5"]
[White "Ter-Sahakyan, Samvel"]
[Black "Petrosian, Tigran L."]
[Result "1-0"]
[WhiteElo "2574"]
[BlackElo "2598"]
[Annotator "TA"]
[PlyCount "105"]
[EventDate "2019.01.12"]
[EventType "tourn"]
[EventCountry "ARM"]
[SourceTitle "playchess.com"]
[Source "ChessBase"]
[SourceQuality "1"]

{[%evp 10,105,49,32,47,28,44,46,54,13,39,30,39,35,54,52,78,64,76,66,63,64,87,27,36,36,30,43,36,39,38,30,54,40,40,37,59,59,53,50,44,33,57,49,54,38,70,48,91,79,94,50,121,67,67,54,72,73,116,57,99,61,59,73,56,68,82,63,163,165,180,187,301,298,302,251,421,413,416,418,504,492,486,480,490,475,1184,1158,1136,1110,946,1010,1336,1310,12833,6602,29962,5239]} 1. e4 e5 2. Nf3 Nc6 3. d4 exd4 4. Nxd4 Bb4+ 5. c3 Be7 6. Bf4 {LiveBook: 7 Games. C45: Scotch Game} (6. Nxc6 bxc6 7. Bd3 d6 8. O-O Nf6 9. Re1 O-O 10. Nd2 Re8 11. Nf3 Nd7 12. Bf4 Nc5 13. Bc2 Bg4 14. h3 Bh5 15. Be3 Nd7 16. Ba4 c5 {0-1 (29) So,W (2810)-Carlsen,M (2822) Saint Louis 2017}) 6... d6 7. Be2 Bf6 8. O-O {White is slightly better.} Nge7 9. Na3 $146 ({Predecessor:} 9. Nc2 O-O 10. Ne3 Re8 11. Bg3 Ng6 12. Nd2 Bh4 13. f4 Bxg3 14. hxg3 Nf8 15. Bd3 Nd7 {½-½ (15) Veresagin,J (2360)-Yandemirov,V (2510) Volgograd 1994}) 9... O-O 10. Bg3 Re8 11. f4 Ng6 12. Qd3 Nb8 13. Rae1 Nd7 14. Qc2 Bh4 15. Bxh4 Qxh4 16. Nab5 (16. Bc4 $16) 16... Qd8 $11 17. c4 Nf6 18. Nc3 c6 19. Kh1 Qb6 20. Nb3 Qc7 21. Qd3 b6 22. Nd4 Ba6 23. Qf3 Rad8 24. Bd3 Bc8 25. a4 a6 26. h3 Bb7 27. Bc2 Nd7 28. Nf5 Ndf8 29. Qg3 Nd7 30. Qf2 Nf6 ({Black should play} 30... Ne7 $14) 31. Ng3 (31. a5 $16) 31... Bc8 32. b3 Bd7 33. Rd1 b5 34. axb5 (34. c5 $1 $16) 34... axb5 35. cxb5 (35. c5 {looks sharper.} Qa5 36. Nce2 dxc5 37. Qxc5 Nf8 38. b4) 35... cxb5 36. Nd5 Nxd5 37. Rxd5 Bc6 38. Rd4 Ra8 ({Black should try} 38... Bb7 $14) 39. Bb1 $18 Ne7 {[#]} 40. Nh5 $1 Qb6 (40... Kh8 $142 41. f5 Nc8) 41. f5 Qc5 {[#]} 42. e5 $1 {[%mdl 512]} Ra1 $2 {[#]} ({Of course not} 42... dxe5 {[#]} 43. Qg3 $1 $18 {[%mdl 512]}) (42... Qxe5 {was called for.} 43. Rg4 Kh8) (42... Qxe5 43. Rg4) 43. Nxg7 $1 {[%mdl 576] Remove Defender} Kxg7 44. exd6 {aiming for Rg4+.} ({Less strong is} 44. f6+ Kh8 $16) 44... Kf8 {Hoping for ...Nxf5!} 45. dxe7+ Qxe7 46. Qf4 {Threatening mate with Qh6+.} f6 47. Rd6 Qb7 (47... Ra6 $142) 48. Rxf6+ Kg8 49. Qg3+ Kh8 50. Re6 Rc8 {[#]} 51. Rxc6 $1 Rxc6 (51... Qxc6 52. Qe5+) 52. Qe5+ {[%mdl 64] Double Attack} Qg7 53. Qe8+ {[%mdl 64] Double Attack. Accuracy: White = 71%, Black = 37%.} 1-0

[Event "79th ARM-ch 2019"]
[Site "Yerevan"]
[Date "2019.01.16"]
[Round "5"]
[White "Hakobyan, Aram"]
[Black "Harutyunian, Tigran K."]
[Result "1/2-1/2"]
[WhiteElo "2545"]
[BlackElo "2542"]
[Annotator "TA"]
[PlyCount "79"]
[EventDate "2019.01.12"]
[EventType "tourn"]
[EventCountry "ARM"]
[SourceTitle "playchess.com"]
[Source "ChessBase"]
[SourceQuality "1"]

{[%evp 22,79,0,0,9,-4,-6,-8,-4,-7,-2,-12,0,2,0,0,9,13,18,18,7,8,18,0,0,0,0,0,6,-2,0,-22,18,9,6,0,0,0,0,0,0,0,0,0,0,0,0,0,0,0,0,0,0,0,0,0,0,0,0,0]} 1. d4 Nf6 2. c4 e6 3. g3 d5 4. Bg2 Be7 5. Nf3 O-O 6. Qc2 c6 7. O-O b6 8. Rd1 Nbd7 9. Ne5 {E08: Closed Catalan: Main Line: 7 Qc2} Bb7 10. cxd5 cxd5 11. Nc6 Bxc6 12. Qxc6 {LiveBook: 16 Games. The position is equal.} a6 $146 ({Predecessor:} 12... Qc8 13. Qxc8 Rfxc8 14. Nc3 a6 15. e4 dxe4 16. Nxe4 {1-0 (55) Santos Latasa,J (2542)-Anand,V (2783) Leon 2017}) 13. Qc2 b5 14. Nc3 Rc8 {[#] aiming for ...b4.} 15. a3 Nb6 16. Qd3 Nc4 17. e4 dxe4 18. Nxe4 Nxe4 19. Bxe4 h6 20. a4 Bg5 21. axb5 axb5 22. Qe2 Nd6 23. Bd3 Bxc1 24. Raxc1 Qb6 25. Rxc8 Rxc8 26. Bb1 Rc4 27. d5 exd5 28. Rxd5 Rc1+ 29. Rd1 Qc5 30. Qd2 Rxd1+ 31. Qxd1 g6 32. Bd3 Nc4 33. Qe2 Qb4 34. Kg2 h5 35. h4 Qb3 36. Bxc4 bxc4 37. Qe8+ Kg7 {Hoping for ...Qb7+.} 38. Qe5+ Kg8 39. Qe8+ Kg7 {...Qb7+ is the strong threat.} 40. Qe5+ {Precision: White = 61%, Black = 74%.} 1/2-1/2

[Event "79th ARM-ch 2019"]
[Site "Yerevan"]
[Date "2019.01.16"]
[Round "5"]
[White "Sargsyan, Shant"]
[Black "Martirosyan, Haik M."]
[Result "1/2-1/2"]
[WhiteElo "2486"]
[BlackElo "2607"]
[Annotator "TA"]
[PlyCount "117"]
[EventDate "2019.01.12"]
[EventType "tourn"]
[EventCountry "ARM"]
[SourceTitle "playchess.com"]
[Source "ChessBase"]
[SourceQuality "1"]

{[%evp 19,117,13,18,18,29,29,29,32,32,25,31,43,51,31,31,30,31,32,25,8,14,5,16,0,22,0,29,23,20,0,26,0,12,0,39,0,7,9,33,31,45,41,39,36,74,47,43,0,47,0,0,1,7,5,230,30,18,25,31,35,23,32,47,39,72,74,68,68,72,87,83,79,87,102,101,8,8,8,8,8,9,8,8,8,8,18,24,8,8,8,29,2,8,0,0,0,0,0,0,0]} 1. d4 Nf6 2. c4 e6 3. Nf3 b6 4. g3 Ba6 5. Qa4 Bb7 6. Bg2 c5 7. dxc5 bxc5 8. O-O {E15: Queen's Indian: 4 g3 sidelines, 4 g3 Ba6 and 4 g3 Bb7 early deviations} Be7 9. Rd1 (9. Nc3 O-O 10. Rd1 Qb6 11. Bf4 d6 12. Rab1 Nbd7 13. b4 Rfb8 14. a3 h6 15. h3 a6 16. Qa5 Qxa5 17. bxa5 Ne8 18. Ne5 Nxe5 19. Bxb7 Nxc4 20. Bxa8 Rxa8 {0-1 (49) Xu,Y (2545)-Jakovenko,D (2732) China 2018}) 9... O-O 10. Bf4 Qb6 {LiveBook: 6 Games} 11. Qb3 Rd8 $146 ({Predecessor:} 11... Qxb3 12. axb3 Rd8 13. Nc3 a6 14. Bc7 Rc8 15. Bd6 Bxd6 16. Rxd6 {½-½ (28) Sargsyan,S (2463)-Esipenko,A (2609) Konya 2018}) 12. Qxb6 axb6 13. Bc7 Rc8 14. Bd6 Bxd6 15. Rxd6 Bc6 16. Ne5 Kf8 17. Nxc6 dxc6 18. Nc3 Ke7 19. Rad1 g5 20. b3 Ra7 21. R6d3 Nbd7 22. f4 h6 23. Rd6 Nb8 24. R6d3 Nbd7 25. Rd6 Nb8 26. R6d3 $36 {[%mdl 2048] Black is under pressure.} Rg8 27. Kf1 gxf4 28. gxf4 Rg4 29. e3 Rg8 30. R1d2 Rc8 31. Bf3 Rg8 32. Na4 Nfd7 33. Rd6 Rc8 34. f5 b5 35. cxb5 cxb5 36. Nb6 Rg8 $2 (36... Rf8 $1 $11 {and Black has nothing to worry.}) 37. Nxd7 $2 ({White has to play} 37. fxe6 $18 fxe6 38. Bg4) 37... Nxd7 $11 38. Bc6 {[%cal Rd6d7]} Nf6 39. fxe6 fxe6 40. Bxb5 {[#] Threatens to win with Bc4.} Nd5 41. Rc6 Nxe3+ 42. Ke2 Nd5 {...Nc3+ is the strong threat.} 43. a4 $1 Rg2+ 44. Ke1 Rg1+ 45. Kf2 Rh1 46. Kf3 ({Reject} 46. Rxc5 $6 Rxh2+ 47. Ke1 Rh1+ 48. Kf2 Rh2+ 49. Ke1 Rh1+ 50. Kf2 Rh2+ $11) 46... Ra8 {[#]} 47. Bc4 ({White should play} 47. Re2 $1 $16 {[%cal Re2e6]} Rf1+ 48. Kg2) 47... Rf8+ $1 48. Kg2 Rb1 49. Bxd5 ({Much weaker is} 49. Rxc5 Ne3+ 50. Kh3 Rf3+ 51. Kh4 Rg1 $17) 49... exd5 50. Rxc5 {next Rb5 is good for White.} Rxb3 51. Rcxd5 {[%mdl 4096] Endgame KRR-KRR} Rg8+ 52. Kf2 Rf8+ 53. Ke1 Rf4 54. a5 Ra3 55. Re2+ Kf6 {The position is equal.} 56. Rd6+ Kf5 57. Rxh6 Ra1+ 58. Kd2 Ra2+ 59. Ke1 {Precision: White = 43%, Black = 51%.} 1/2-1/2

[Event "79th ARM-ch 2019"]
[Site "Yerevan"]
[Date "2019.01.17"]
[Round "6"]
[White "Martirosyan, Haik M."]
[Black "Petrosian, Tigran L."]
[Result "1/2-1/2"]
[WhiteElo "2607"]
[BlackElo "2598"]
[Annotator "TA"]
[PlyCount "53"]
[EventDate "2019.01.12"]
[EventType "tourn"]
[EventCountry "ARM"]
[SourceTitle "playchess.com"]
[Source "ChessBase"]
[SourceQuality "1"]

{[%evp 27,53,10,8,6,11,8,14,11,20,0,0,0,16,0,0,-10,-17,-38,-30,-63,-9,-37,0,-41,0,-39,0,-50]} 1. d4 d5 2. c4 e6 3. Nf3 Be7 4. Nc3 Nf6 5. Bg5 O-O 6. e3 h6 7. Bxf6 Bxf6 8. Rc1 c6 9. Bd3 Nd7 10. O-O dxc4 11. Bxc4 e5 12. d5 {D55: Queen's Gambit Declined: 4 Bg5 Be7: Lines without ...h6 and 6...h6 7 Bxf6} (12. Bb3 exd4 13. exd4 Re8 14. h3 Nb6 15. Re1 Bf5 16. g4 Bg6 17. Rxe8+ Qxe8 18. Qd2 Qd7 19. Qf4 Re8 20. Rd1 Qc8 21. Ne5 Bxe5 22. dxe5 Rd8 23. Rd4 Qc7 {1-0 (43) Radjabov,T (2751)-Sargissian,G (2691) Batumi 2018}) 12... Nb6 13. b3 cxd5 14. Bxd5 Qe7 {LiveBook: 4 Games} 15. Qd3 Rd8 {[#] aiming for ...e4!} 16. Qe4 Kh8 $146 ({Predecessor:} 16... Rb8 17. Rfd1 Be6 18. Bxe6 Rxd1+ 19. Rxd1 Qxe6 {½-½ (39) Peralta,F (2569)-Ladron de Guevara Pinto,P (2346) Montcada 2017}) 17. Rfd1 g6 18. Qc2 Bf5 19. e4 Bg4 20. Qe2 Kg7 21. Rd3 Rac8 22. Rcd1 Qb4 23. Qe3 Qc5 (23... Qa5 $1 $15) 24. Qd2 Qb4 25. Qe3 Qc5 26. Qd2 Qb4 27. Qe3 {Accuracy: White = 39%, Black = 58%.} 1/2-1/2

[Event "79th ARM-ch 2019"]
[Site "Yerevan"]
[Date "2019.01.17"]
[Round "6"]
[White "Andriasian, Zaven"]
[Black "Petrosyan, Manuel"]
[Result "1/2-1/2"]
[WhiteElo "2604"]
[BlackElo "2579"]
[Annotator "TA"]
[PlyCount "129"]
[EventDate "2019.01.12"]
[EventType "tourn"]
[EventCountry "ARM"]
[SourceTitle "playchess.com"]
[Source "ChessBase"]
[SourceQuality "1"]

{[%evp 21,129,22,19,18,25,11,15,7,8,0,4,-1,4,-20,-24,-23,0,0,0,0,0,0,0,-20,-25,-25,-25,-34,37,-39,-32,-44,-39,-41,-33,-31,-31,-47,-46,-44,-7,-16,-7,-26,-22,-22,-19,-28,-20,-131,-129,-129,-94,-74,-86,-152,-93,-112,-87,-332,-338,-382,-333,-369,-356,-333,-77,-66,-8,-8,-8,-8,-8,-8,-8,-6,-6,-6,-8,-8,-8,-191,-8,-8,-8,-64,-76,-34,0,0,0,0,0,0,0,0,0,0,0,0,0,0,0,0,0,0,0,0,0,0]} 1. e4 c6 2. d4 d5 3. Nc3 {[%cal Bb1c3,Bc3e4,Be4g3][%mdl 32]} dxe4 4. Nxe4 Bf5 5. Ng3 Bg6 6. Bc4 e6 7. N1e2 Bd6 8. Nf4 Qh4 9. Ngh5 {B18: Classical Caro-Kann: 4...Bf5 sidelines} (9. Nge2 Nd7 10. O-O O-O-O 11. g3 Qe7 12. c3 Bf5 13. Bd3 Bxd3 14. Nxd3 Ngf6 15. Re1 Rhe8 16. Nef4 Kb8 {½-½ (31) Kasimdzhanov,R (2700)-Palo,D (2562) Tromsoe 2014}) 9... Bxh5 10. Qxh5 Qxh5 11. Nxh5 g6 {LiveBook: 5 Games} 12. Ng3 Nf6 13. Bh6 $146 {aiming for Bg7.} ({Predecessor:} 13. O-O Nbd7 14. Re1 O-O 15. Bg5 Kg7 16. Rad1 Rfe8 {½-½ (55) Sanduleac,V (2393)-Vedmediuc,S (2406) Kishinev 2015}) 13... Nbd7 14. c3 Bf8 15. Bd2 h5 16. Ne2 Bh6 17. f4 Ne4 18. Bc1 O-O-O 19. Bd3 Nd6 20. b4 b5 21. a4 a6 22. g3 Nb6 23. a5 Nd5 24. Bd2 Rhg8 (24... Nf6 $15) 25. O-O (25. Ng1 $14) 25... g5 26. f5 exf5 27. Bxf5+ Nxf5 28. Rxf5 Rde8 29. Nc1 f6 30. Nd3 Re2 31. Rf2 Rxf2 $1 32. Kxf2 Bf8 33. h3 Bd6 34. Re1 Kd7 35. Kf3 (35. Kf1 $11) 35... g4+ $1 $17 36. hxg4 hxg4+ 37. Kf2 Rh8 {White must now prevent ...Rh2+.} 38. Bf4 (38. Kg2 $142) 38... Nxf4 (38... Nxc3 $142 39. Bxd6 Kxd6) 39. gxf4 {[%mdl 4096] Endgame KRB-KRN} Rh2+ 40. Ke3 $2 {[#]} (40. Kg1 $17 {only move.} Rh3 41. Nc5+ Bxc5 42. dxc5) 40... Ke6 $1 $19 41. Ke4 f5+ 42. Ke3 Kd5 43. Ne5 Bxe5 $2 (43... Rh3+ $19 {and Black stays clearly on top.} 44. Kd2 g3) 44. dxe5 {KR-KR} Rh3+ (44... Kc4 $1 $15) 45. Kd2 $11 Ke6 46. Re3 $1 g3 47. Re1 $1 g2 {( -> ...Rh1)} 48. Rg1 Rg3 49. Ke2 c5 50. bxc5 Rxc3 {Threatens to win with ...b4.} 51. Kd2 $2 {[#]} (51. c6 $1 $11 {and White has nothing to worry.}) 51... Rg3 $2 ({Worse is} 51... Rxc5 52. Rxg2 Rc4 53. Rg6+ Kd5 54. Rxa6 $11) (51... Ra3 $1 $19 52. c6 Rxa5) 52. c6 Ke7 53. Ke2 (53. Kc2 $11) 53... Kd8 $15 {And now ...Kc7 would win.} 54. e6 Rg6 55. Kd3 {The position is equal.} Rxe6 56. Rxg2 Rd6+ 57. Kc3 Kc7 58. Rg5 Rxc6+ 59. Kd4 Rc4+ 60. Kd5 Rxf4 61. Rg7+ Kd8 62. Ra7 Ra4 63. Rxa6 f4 64. Kc5 Ke7 65. Kxb5 {Precision: White = 53%, Black = 67%.} 1/2-1/2

[Event "79th ARM-ch 2019"]
[Site "Yerevan"]
[Date "2019.01.17"]
[Round "6"]
[White "Pashikian, Arman"]
[Black "Hakobyan, Aram"]
[Result "1-0"]
[WhiteElo "2599"]
[BlackElo "2545"]
[Annotator "TA"]
[PlyCount "135"]
[EventDate "2019.01.12"]
[EventType "tourn"]
[EventCountry "ARM"]
[SourceTitle "playchess.com"]
[Source "ChessBase"]
[SourceQuality "1"]

{[%evp 15,135,32,30,17,31,4,29,11,7,0,-7,0,0,-10,-4,-25,27,25,66,32,52,47,53,59,52,46,44,49,50,37,36,20,29,25,31,0,0,0,31,29,58,25,25,16,66,66,89,78,84,75,75,75,75,75,110,65,68,63,82,49,47,41,62,47,47,37,96,86,87,96,200,200,196,200,195,200,200,200,195,195,219,202,202,202,311,312,269,295,281,195,192,192,184,184,325,263,407,407,627,614,600,591,1218,1010,1475,1344,5225,5120,5120,5114,29979,29980,29980,29981,29981,29982,29982,29983,29983,29984,29984,29985]} 1. Nf3 Nf6 2. c4 d6 3. d4 g6 4. Nc3 Bf5 5. e3 Bg7 6. Bd3 Bxd3 7. Qxd3 O-O {E61: King's Indian: Early deviations for White, including Smyslov System} 8. O-O Nbd7 {LiveBook: 11 Games} 9. b3 e5 {The position is equal.} 10. Ba3 Re8 11. dxe5 dxe5 {And now ...e4 would win.} 12. Ne4 (12. e4 {looks sharper.} c6 13. Rad1 Qa5 14. Bd6 Nc5 15. Qe3) 12... Nxe4 13. Qxe4 Qc8 {[#]} 14. c5 $146 ({Predecessor:} 14. Rad1 Nf6 15. Qc2 {1-0 (79) Akobian,V (2645)-Caruana,F (2817) Saint Louis 2017}) 14... Nf6 {[%cal Bd7f6,Bf6d5,Bd5c3][%mdl 32]} 15. Qc4 e4 (15... Qe6 $142) 16. Ng5 $11 Qf5 17. Qxf7+ {[%mdl 64] Double Attack} Kh8 18. Nh3 Nd5 19. Qxf5 gxf5 20. Rac1 Be5 21. c6 b6 $1 22. Rfd1 Rad8 23. Rd2 Nc3 24. Rdc2 $1 Nd5 25. Rd2 Nc3 $1 26. Rdc2 $36 {[%mdl 2048] White is pushing.} Nd5 27. g3 Kg7 28. Kf1 (28. Rd2 $5 {[%cal Rc1d1]} Nc3 29. Rcc2 $11) 28... a5 29. Ng1 a4 30. bxa4 Ra8 31. Rd1 Nf6 32. Bb2 Bxb2 33. Rxb2 Rxa4 34. Ne2 Rc4 35. Nd4 Re5 36. Rdd2 Ne8 37. Rdc2 Rxc2 38. Rxc2 $14 {[%mdl 4096] Endgame KRN-KRN} Nd6 39. h3 Kf6 40. Kg2 Rc5 ({Black should play} 40... Rd5 $14) 41. Rxc5 $1 $16 bxc5 {KN-KN} 42. Nb3 Ke5 (42... c4 $16) 43. Nxc5 $18 Kd5 44. Nb7 {Nxd6 is the strong threat.} Nf7 45. Na5 Ne5 46. Kf1 Nf3 47. a4 Nd2+ 48. Ke1 Nf3+ 49. Kd1 Ne5 (49... Kc5 $142 50. h4 Kb4) 50. Ke2 Nf3 51. Nb3 Ng1+ 52. Ke1 Kxc6 53. Nd4+ Kb6 54. h4 ({Don't play} 54. Nxf5 $6 Nxh3 55. Nd4 Ng5 $16) 54... Ka5 (54... Nf3+ {was worth a try.} 55. Ke2 Ka5) 55. Nxf5 Kxa4 {[#]} (55... Nf3+ {is a better defense.} 56. Ke2 Kxa4) 56. f4 $1 exf3 (56... Nf3+ $142 57. Ke2 Kb4) 57. Kf2 Ne2 58. Kxf3 Nc3 59. g4 {[%cal Bg3g4,Bg4g5][%mdl 32]} c5 60. g5 Nb5 61. h5 {[%cal Bh4h5,Bh5g6,Bg6g7][%mdl 32]} c4 62. g6 hxg6 63. hxg6 {White mates.} c3 {[#]} 64. Ng3 $1 c2 65. Ne2 Ka3 66. g7 Nc3 67. Nc1 Na2 68. Nxa2 {Accuracy: White = 59%, Black = 49%.} 1-0